[Event "Hoogeveen Open"]
[Site "Hoogeveen, Netherlands"]
[Date "2018.10.27"]
[Round "9.17"]
[White "De Boer, Bas"]
[Black "Tomilova, Elena"]
[Result "0-1"]
[WhiteElo "2102"]
[BlackElo "2328"]

1. Nf3 {[%clk 01:30:57]} {[%emt 00:00:02]} d5 {[%clk 01:30:56]} {[%emt
00:00:04]} 2. e3 {[%clk 01:31:20]} {[%emt 00:00:08]} Nf6 {[%clk 01:31:17]}
{[%emt 00:00:09]} 3. c4 {[%clk 01:31:43]} {[%emt 00:00:06]} c6 {[%clk
01:31:42]} {[%emt 00:00:06]} 4. Nc3 {[%clk 01:32:05]} {[%emt 00:00:07]} e6
{[%clk 01:32:04]} {[%emt 00:00:08]} 5. d4 {[%clk 01:32:32]} {[%emt 00:00:03]}
Nbd7 {[%clk 01:32:30]} {[%emt 00:00:05]} 6. Qc2 {[%clk 01:32:55]} {[%emt
00:00:05]} Bd6 {[%clk 01:32:56]} {[%emt 00:00:05]} 7. Bd3 {[%clk 01:33:17]}
{[%emt 00:00:08]} O-O {[%clk 01:33:20]} {[%emt 00:00:07]} 8. O-O {[%clk
01:33:42]} {[%emt 00:00:04]} dxc4 {[%clk 01:33:48]} {[%emt 00:00:03]} 9. Bxc4
{[%clk 01:34:04]} {[%emt 00:00:07]} e5 {[%clk 01:34:15]} {[%emt 00:00:03]} 10.
Rd1 {[%clk 01:32:31]} {[%emt 00:02:02]} Qe7 {[%clk 01:34:28]} {[%emt 00:00:20]}
11. e4 {[%clk 01:26:30]} {[%emt 00:06:28]} exd4 {[%clk 01:30:57]} {[%emt
00:04:02]} 12. Nxd4 {[%clk 01:24:43]} {[%emt 00:02:16]} Nb6 {[%clk 01:30:46]}
{[%emt 00:00:42]} 13. Be2 {[%clk 01:23:32]} {[%emt 00:01:39]} Re8 {[%clk
01:27:02]} {[%emt 00:04:16]} 14. Bg5 {[%clk 01:16:03]} {[%emt 00:07:58]} h6
{[%clk 01:22:46]} {[%emt 00:04:47]} 15. Bxf6 {[%clk 01:12:58]} {[%emt
00:03:35]} Qxf6 {[%clk 01:23:03]} {[%emt 00:00:14]} 16. Nf5 {[%clk 01:13:11]}
{[%emt 00:00:16]} Be5 {[%clk 01:21:02]} {[%emt 00:02:31]} 17. g3 {[%clk
01:07:34]} {[%emt 00:06:05]} Bxf5 {[%clk 01:17:57]} {[%emt 00:03:37]} 18. exf5
{[%clk 01:07:58]} {[%emt 00:00:06]} Bxc3 {[%clk 01:18:21]} {[%emt 00:00:07]} 19.
bxc3 {[%clk 01:08:10]} {[%emt 00:00:17]} Nd5 {[%clk 01:18:22]} {[%emt
00:00:30]} 20. Bc4 {[%clk 01:06:38]} {[%emt 00:01:59]} Nxc3 {[%clk 01:16:13]}
{[%emt 00:02:41]} 21. Rd7 {[%clk 00:52:34]} {[%emt 00:14:34]} Ne2+ {[%clk
01:14:24]} {[%emt 00:02:20]} 22. Kg2 {[%clk 00:52:58]} {[%emt 00:00:05]} Qxa1
{[%clk 01:13:23]} {[%emt 00:01:32]} 23. Rxf7 {[%clk 00:53:14]} {[%emt
00:00:13]} Qg1+ {[%clk 01:08:03]} {[%emt 00:05:50]} 24. Kh3 {[%clk 00:52:05]}
{[%emt 00:01:37]} Qxf2 {[%clk 01:07:24]} {[%emt 00:01:11]} 25. Bxe2 {[%clk
00:43:17]} {[%emt 00:09:18]} Qxe2 {[%clk 01:06:17]} {[%emt 00:01:37]} 0-1

[Event "Hoogeveen Open"]
[Site "Hoogeveen, Netherlands"]
[Date "2018.10.27"]
[Round "9.18"]
[White "Zarkovic, Mila"]
[Black "Blagojevic, Tijana"]
[Result "1/2-1/2"]
[WhiteElo "2213"]
[BlackElo "2232"]

1. e4 {[%clk 01:30:58]} {[%emt 00:00:01]} e5 {[%clk 01:30:56]} {[%emt
00:00:04]} 2. Nf3 {[%clk 01:31:24]} {[%emt 00:00:04]} Nc6 {[%clk 01:31:24]}
{[%emt 00:00:03]} 3. Bb5 {[%clk 01:31:47]} {[%emt 00:00:07]} a6 {[%clk
01:31:49]} {[%emt 00:00:05]} 4. Bxc6 {[%clk 01:32:12]} {[%emt 00:00:05]} dxc6
{[%clk 01:32:15]} {[%emt 00:00:04]} 5. d4 {[%clk 01:32:36]} {[%emt 00:00:05]}
exd4 {[%clk 01:32:42]} {[%emt 00:00:03]} 6. Qxd4 {[%clk 01:33:00]} {[%emt
00:00:06]} Qxd4 {[%clk 01:33:09]} {[%emt 00:00:03]} 7. Nxd4 {[%clk 01:33:24]}
{[%emt 00:00:07]} c5 {[%clk 01:33:35]} {[%emt 00:00:03]} 8. Ne2 {[%clk
01:33:47]} {[%emt 00:00:06]} Bd7 {[%clk 01:33:52]} {[%emt 00:00:15]} 9. Nbc3
{[%clk 01:34:13]} {[%emt 00:00:04]} O-O-O {[%clk 01:34:16]} {[%emt 00:00:05]}
10. Be3 {[%clk 01:34:37]} {[%emt 00:00:06]} b6 {[%clk 01:34:41]} {[%emt
00:00:05]} 11. O-O-O {[%clk 01:34:54]} {[%emt 00:00:13]} Ne7 {[%clk 01:35:02]}
{[%emt 00:00:09]} 12. f3 {[%clk 01:35:17]} {[%emt 00:00:07]} Ng6 {[%clk
01:35:23]} {[%emt 00:00:09]} 13. Nd5 {[%clk 01:35:39]} {[%emt 00:00:08]} Kb7
{[%clk 01:35:45]} {[%emt 00:00:08]} 14. h4 {[%clk 01:36:02]} {[%emt 00:00:07]}
h5 {[%clk 01:36:12]} {[%emt 00:00:04]} 15. b3 {[%clk 01:36:20]} {[%emt
00:00:12]} Bd6 {[%clk 01:36:36]} {[%emt 00:00:06]} 16. Nef4 {[%clk 01:36:40]}
{[%emt 00:00:10]} Nxf4 {[%clk 01:36:40]} {[%emt 00:00:26]} 17. Bxf4 {[%clk
01:37:06]} {[%emt 00:00:04]} Be6 {[%clk 01:36:47]} {[%emt 00:00:23]} 18. Bxd6
{[%clk 01:37:32]} {[%emt 00:00:04]} Rxd6 {[%clk 01:37:00]} {[%emt 00:00:16]} 19.
Nf4 {[%clk 01:37:57]} {[%emt 00:00:05]} Kc6 {[%clk 01:37:25]} {[%emt 00:00:06]}
20. Rxd6+ {[%clk 01:38:22]} {[%emt 00:00:04]} cxd6 {[%clk 01:37:53]} {[%emt
00:00:02]} 21. Kb2 {[%clk 01:38:29]} {[%emt 00:00:23]} b5 {[%clk 01:38:20]}
{[%emt 00:00:04]} 1/2-1/2

[Event "Hoogeveen Open"]
[Site "Hoogeveen, Netherlands"]
[Date "2018.10.27"]
[Round "9.19"]
[White "Elgersma, Onno"]
[Black "Vroombout, Enrico"]
[Result "1/2-1/2"]
[WhiteElo "2223"]
[BlackElo "2132"]

1. e4 {[%clk 01:30:57]} {[%emt 00:00:04]} c5 {[%clk 01:30:55]} {[%emt
00:00:04]} 2. Nf3 {[%clk 01:31:17]} {[%emt 00:00:10]} d6 {[%clk 01:31:14]}
{[%emt 00:00:11]} 3. d4 {[%clk 01:31:27]} {[%emt 00:00:19]} cxd4 {[%clk
01:31:42]} {[%emt 00:00:04]} 4. Nxd4 {[%clk 01:31:52]} {[%emt 00:00:05]} Nf6
{[%clk 01:32:09]} {[%emt 00:00:03]} 5. Nc3 {[%clk 01:32:12]} {[%emt 00:00:10]}
a6 {[%clk 01:32:35]} {[%emt 00:00:04]} 6. h3 {[%clk 01:32:24]} {[%emt
00:00:17]} g6 {[%clk 01:33:02]} {[%emt 00:00:04]} 7. g4 {[%clk 01:31:54]}
{[%emt 00:01:01]} Bg7 {[%clk 01:33:25]} {[%emt 00:00:07]} 8. Be3 {[%clk
01:31:46]} {[%emt 00:00:36]} O-O {[%clk 01:33:38]} {[%emt 00:00:18]} 9. Qd2
{[%clk 01:30:37]} {[%emt 00:01:39]} b5 {[%clk 01:32:02]} {[%emt 00:02:06]} 10.
Bg2 {[%clk 01:28:57]} {[%emt 00:02:10]} Bb7 {[%clk 01:31:11]} {[%emt 00:01:22]}
11. O-O {[%clk 01:25:11]} {[%emt 00:04:15]} Qc7 {[%clk 01:05:02]} {[%emt
00:26:39]} 12. a4 {[%clk 01:01:45]} {[%emt 00:23:56]} e5 {[%clk 00:55:22]}
{[%emt 00:10:10]} 13. Nde2 {[%clk 00:57:16]} {[%emt 00:04:59]} b4 {[%clk
00:53:17]} {[%emt 00:02:35]} 14. Nd5 {[%clk 00:57:08]} {[%emt 00:00:38]} Bxd5
{[%clk 00:33:26]} {[%emt 00:20:21]} 15. exd5 {[%clk 00:57:31]} {[%emt
00:00:07]} Nbd7 {[%clk 00:33:18]} {[%emt 00:00:37]} 16. a5 {[%clk 00:52:58]}
{[%emt 00:05:03]} Rfc8 {[%clk 00:31:16]} {[%emt 00:02:32]} 17. Rfc1 {[%clk
00:51:44]} {[%emt 00:01:45]} Qc4 {[%clk 00:29:09]} {[%emt 00:02:37]} 18. Ra4
{[%clk 00:30:09]} {[%emt 00:22:05]} Rab8 {[%clk 00:16:24]} {[%emt 00:13:15]} 19.
c3 {[%clk 00:19:51]} {[%emt 00:10:47]} Qb5 {[%clk 00:16:36]} {[%emt 00:00:18]}
20. Rxb4 {[%clk 00:19:55]} {[%emt 00:00:26]} Qxa5 {[%clk 00:17:03]} {[%emt
00:00:04]} 21. g5 {[%clk 00:18:39]} {[%emt 00:01:46]} Ne8 {[%clk 00:15:36]}
{[%emt 00:01:56]} 22. Rxb8 {[%clk 00:17:36]} {[%emt 00:01:33]} Rxb8 {[%clk
00:16:04]} {[%emt 00:00:04]} 23. b4 {[%clk 00:15:53]} {[%emt 00:02:12]} Qa4
{[%clk 00:14:25]} {[%emt 00:02:09]} 24. Qb2 {[%clk 00:07:40]} {[%emt 00:08:43]}
a5 {[%clk 00:11:55]} {[%emt 00:02:59]} 25. Ra1 {[%clk 00:05:14]} {[%emt
00:02:56]} Qb5 {[%clk 00:12:18]} {[%emt 00:00:08]} 26. Rb1 {[%clk 00:04:58]}
{[%emt 00:00:46]} Qc4 {[%clk 00:05:53]} {[%emt 00:06:55]} 27. Ng3 {[%clk
00:03:26]} {[%emt 00:02:02]} f5 {[%clk 00:02:23]} {[%emt 00:04:00]} 28. gxf6
{[%clk 00:03:24]} {[%emt 00:00:32]} Nexf6 {[%clk 00:02:45]} {[%emt 00:00:08]}
29. Qb3 {[%clk 00:00:56]} {[%emt 00:02:59]} Qxb3 {[%clk 00:02:55]} {[%emt
00:00:19]} 30. Rxb3 {[%clk 00:01:21]} {[%emt 00:00:05]} axb4 {[%clk 00:01:53]}
{[%emt 00:01:32]} 31. cxb4 {[%clk 00:01:33]} {[%emt 00:00:18]} Rb5 {[%clk
00:02:08]} {[%emt 00:00:15]} 32. Ne4 {[%clk 00:00:52]} {[%emt 00:01:11]} Nxe4
{[%clk 00:02:28]} {[%emt 00:00:10]} 33. Bxe4 {[%clk 00:01:18]} {[%emt
00:00:04]} Nc5 {[%clk 00:01:55]} {[%emt 00:01:03]} 34. Bxc5 {[%clk 00:00:57]}
{[%emt 00:00:51]} dxc5 {[%clk 00:02:21]} {[%emt 00:00:03]} 35. d6 {[%clk
00:00:44]} {[%emt 00:00:43]} Rxb4 {[%clk 00:02:08]} {[%emt 00:00:43]} 36. d7
{[%clk 00:00:40]} {[%emt 00:00:35]} Bf6 {[%clk 00:02:07]} {[%emt 00:00:31]} 37.
Bd5+ {[%clk 00:00:39]} {[%emt 00:00:31]} Kg7 {[%clk 00:02:01]} {[%emt
00:00:36]} 38. Rc3 {[%clk 00:00:45]} {[%emt 00:00:24]} Rb5 {[%clk 00:01:07]}
{[%emt 00:01:24]} 39. Bc6 {[%clk 00:00:44]} {[%emt 00:00:30]} Ra5 {[%clk
00:01:15]} {[%emt 00:00:22]} 40. Rf3 {[%clk 00:00:53]} {[%emt 00:00:21]} Ra1+
{[%clk 00:01:01]} {[%emt 00:00:44]} 41. Kg2 {[%clk 00:01:15]} {[%emt 00:00:08]}
Rd1 {[%clk 00:01:10]} {[%emt 00:00:20]} 42. Rc3 {[%clk 00:01:09]} {[%emt
00:00:37]} Be7 {[%clk 00:29:21]} {[%emt 00:02:20]} 43. Ra3 {[%clk 00:25:51]}
{[%emt 00:05:48]} Rd6 {[%clk 00:19:06]} {[%emt 00:10:45]} 44. Bb5 {[%clk
00:24:29]} {[%emt 00:01:52]} Kf6 {[%clk 00:16:42]} {[%emt 00:02:54]} 45. Ra8
{[%clk 00:22:05]} {[%emt 00:02:54]} Kf5 {[%clk 00:15:32]} {[%emt 00:01:40]} 46.
Re8 {[%clk 00:21:43]} {[%emt 00:00:52]} Bh4 {[%clk 00:15:27]} {[%emt 00:00:35]}
47. Rc8 {[%clk 00:19:30]} {[%emt 00:02:42]} Rd2 {[%clk 00:13:54]} {[%emt
00:02:03]} 48. Rf8+ {[%clk 00:19:27]} {[%emt 00:00:34]} Ke6 {[%clk 00:13:28]}
{[%emt 00:00:55]} 49. Re8+ {[%clk 00:19:38]} {[%emt 00:00:19]} Kf7 {[%clk
00:10:29]} {[%emt 00:03:29]} 50. Rxe5 {[%clk 00:17:56]} {[%emt 00:02:13]} Rxf2+
{[%clk 00:09:48]} {[%emt 00:01:11]} 51. Kh1 {[%clk 00:17:17]} {[%emt 00:01:07]}
Rc2 {[%clk 00:05:06]} {[%emt 00:05:14]} 52. Rd5 {[%clk 00:16:47]} {[%emt
00:01:00]} Bd8 {[%clk 00:05:31]} {[%emt 00:00:05]} 53. Re5 {[%clk 00:15:52]}
{[%emt 00:01:24]} Be7 {[%clk 00:03:31]} {[%emt 00:02:28]} 1/2-1/2

[Event "Hoogeveen Open"]
[Site "Hoogeveen, Netherlands"]
[Date "2018.10.27"]
[Round "9.20"]
[White "Clemens, Adrian"]
[Black "Murray, David"]
[Result "1/2-1/2"]
[WhiteElo "2153"]
[BlackElo "2222"]

1. d4 {[%clk 01:30:53]} {[%emt 00:00:07]} Nf6 {[%clk 01:30:54]} {[%emt
00:00:07]} 2. c4 {[%clk 01:31:10]} {[%emt 00:00:13]} c5 {[%clk 01:31:18]}
{[%emt 00:00:06]} 3. d5 {[%clk 01:31:10]} {[%emt 00:00:29]} b5 {[%clk
01:31:41]} {[%emt 00:00:08]} 4. Qc2 {[%clk 01:30:44]} {[%emt 00:00:57]} b4
{[%clk 01:30:58]} {[%emt 00:01:13]} 5. e4 {[%clk 01:27:41]} {[%emt 00:03:33]}
d6 {[%clk 01:31:19]} {[%emt 00:00:09]} 6. Nf3 {[%clk 01:26:21]} {[%emt
00:01:49]} g6 {[%clk 01:31:11]} {[%emt 00:00:39]} 7. b3 {[%clk 01:26:25]}
{[%emt 00:00:27]} Nxe4 {[%clk 01:27:16]} {[%emt 00:04:24]} 8. Bb2 {[%clk
01:23:42]} {[%emt 00:03:13]} Nf6 {[%clk 01:27:12]} {[%emt 00:00:34]} 9. Bd3
{[%clk 01:23:52]} {[%emt 00:00:20]} Bg7 {[%clk 01:26:12]} {[%emt 00:01:30]} 10.
O-O {[%clk 01:24:13]} {[%emt 00:00:09]} O-O {[%clk 01:25:31]} {[%emt 00:01:11]}
11. Nbd2 {[%clk 01:24:38]} {[%emt 00:00:06]} a5 {[%clk 01:21:19]} {[%emt
00:04:41]} 12. a4 {[%clk 01:17:50]} {[%emt 00:07:18]} e5 {[%clk 01:19:00]}
{[%emt 00:02:48]} 13. dxe6 {[%clk 01:17:43]} {[%emt 00:00:38]} fxe6 {[%clk
01:16:29]} {[%emt 00:03:01]} 14. Ne4 {[%clk 01:14:52]} {[%emt 00:03:21]} Nc6
{[%clk 01:09:39]} {[%emt 00:07:19]} 15. Nxf6+ {[%clk 01:10:17]} {[%emt
00:05:06]} Bxf6 {[%clk 01:09:51]} {[%emt 00:00:18]} 16. Be4 {[%clk 01:10:02]}
{[%emt 00:00:45]} Ra6 {[%clk 01:02:25]} {[%emt 00:07:56]} 17. Rad1 {[%clk
01:06:49]} {[%emt 00:03:44]} Ne7 {[%clk 00:52:09]} {[%emt 00:10:45]} 18. Ne5
{[%clk 00:49:29]} {[%emt 00:17:50]} Qc7 {[%clk 00:46:07]} {[%emt 00:06:31]} 19.
Ng4 {[%clk 00:48:29]} {[%emt 00:01:31]} Bxb2 {[%clk 00:46:01]} {[%emt
00:00:35]} 20. Qxb2 {[%clk 00:48:53]} {[%emt 00:00:07]} e5 {[%clk 00:45:25]}
{[%emt 00:01:06]} 21. Ne3 {[%clk 00:48:44]} {[%emt 00:00:39]} Bb7 {[%clk
00:38:01]} {[%emt 00:07:54]} 22. Bd5+ {[%clk 00:43:13]} {[%emt 00:06:01]} Bxd5
{[%clk 00:35:49]} {[%emt 00:02:42]} 23. Nxd5 {[%clk 00:43:18]} {[%emt
00:00:25]} Nxd5 {[%clk 00:36:00]} {[%emt 00:00:19]} 24. Rxd5 {[%clk 00:43:42]}
{[%emt 00:00:06]} Rf4 {[%clk 00:35:52]} {[%emt 00:00:38]} 25. Rfd1 {[%clk
00:41:07]} {[%emt 00:03:04]} Rd4 {[%clk 00:35:43]} {[%emt 00:00:38]} 26. Qe2
{[%clk 00:40:19]} {[%emt 00:01:19]} Qf7 {[%clk 00:34:10]} {[%emt 00:02:03]} 27.
Rd3 {[%clk 00:32:06]} {[%emt 00:08:44]} Qf6 {[%clk 00:24:55]} {[%emt 00:09:45]}
28. h3 {[%clk 00:20:53]} {[%emt 00:11:42]} Ra8 {[%clk 00:22:19]} {[%emt
00:03:06]} 29. f4 {[%clk 00:13:26]} {[%emt 00:07:57]} Rxd5 {[%clk 00:19:22]}
{[%emt 00:03:27]} 30. Rxd5 {[%clk 00:13:34]} {[%emt 00:00:22]} exf4 {[%clk
00:19:19]} {[%emt 00:00:33]} 31. Qd3 {[%clk 00:11:52]} {[%emt 00:02:13]} Rd8
{[%clk 00:18:46]} {[%emt 00:01:02]} 32. Qd1 {[%clk 00:10:02]} {[%emt 00:02:21]}
Kf7 {[%clk 00:15:57]} {[%emt 00:03:18]} 33. Rd3 {[%clk 00:09:06]} {[%emt
00:01:27]} Qe5 {[%clk 00:14:30]} {[%emt 00:01:56]} 34. Qf3 {[%clk 00:08:05]}
{[%emt 00:01:32]} Re8 {[%clk 00:12:31]} {[%emt 00:02:29]} 35. Qc6 {[%clk
00:06:39]} {[%emt 00:01:55]} Re7 {[%clk 00:07:48]} {[%emt 00:05:13]} 36. Qxd6
{[%clk 00:05:02]} {[%emt 00:02:08]} Qxd6 {[%clk 00:07:27]} {[%emt 00:00:51]} 37.
Rxd6 {[%clk 00:05:26]} {[%emt 00:00:05]} Re3 {[%clk 00:07:30]} {[%emt
00:00:27]} 38. Ra6 {[%clk 00:04:46]} {[%emt 00:01:11]} Rxb3 {[%clk 00:07:51]}
{[%emt 00:00:09]} 39. Rxa5 {[%clk 00:05:11]} {[%emt 00:00:04]} Ra3 {[%clk
00:05:15]} {[%emt 00:03:05]} 40. Rxc5 {[%clk 00:04:59]} {[%emt 00:00:42]} Ke6
{[%clk 00:02:24]} {[%emt 00:03:22]} 41. a5 {[%clk 00:01:32]} {[%emt 00:03:57]}
b3 {[%clk 00:30:15]} {[%emt 00:02:38]} 42. Rb5 {[%clk 00:29:00]} {[%emt
00:03:03]} g5 {[%clk 00:26:58]} {[%emt 00:03:47]} 43. a6 {[%clk 00:23:16]}
{[%emt 00:06:14]} Rxa6 {[%clk 00:26:40]} {[%emt 00:00:47]} 44. Rxb3 {[%clk
00:22:34]} {[%emt 00:01:12]} Rc6 {[%clk 00:23:05]} {[%emt 00:04:06]} 45. g3
{[%clk 00:17:48]} {[%emt 00:05:16]} Rxc4 {[%clk 00:21:24]} {[%emt 00:02:12]} 46.
gxf4 {[%clk 00:16:45]} {[%emt 00:01:32]} gxf4 {[%clk 00:21:08]} {[%emt
00:00:45]} 47. Kg2 {[%clk 00:07:03]} {[%emt 00:10:13]} Kf5 {[%clk 00:19:49]}
{[%emt 00:01:49]} 48. Kf3 {[%clk 00:07:17]} {[%emt 00:00:16]} Re4 {[%clk
00:17:22]} {[%emt 00:02:57]} 49. Ra3 {[%clk 00:06:10]} {[%emt 00:01:37]} Re5
{[%clk 00:17:27]} {[%emt 00:00:24]} 50. h4 {[%clk 00:05:48]} {[%emt 00:00:52]}
Rb5 {[%clk 00:17:12]} {[%emt 00:00:46]} 51. Rc3 {[%clk 00:05:55]} {[%emt
00:00:23]} Ra5 {[%clk 00:17:30]} {[%emt 00:00:12]} 52. Rb3 {[%clk 00:06:20]}
{[%emt 00:00:05]} Rc5 {[%clk 00:17:46]} {[%emt 00:00:13]} 1/2-1/2

[Event "Hoogeveen Open"]
[Site "Hoogeveen, Netherlands"]
[Date "2018.10.27"]
[Round "9.21"]
[White "Damen, Jip"]
[Black "Van Delft, Merijn"]
[Result "1/2-1/2"]
[WhiteElo "2192"]
[BlackElo "2381"]

1. c4 {[%clk 01:30:55]} {[%emt 00:00:05]} Nf6 {[%clk 01:30:07]} {[%emt
00:00:53]} 2. Nc3 {[%clk 01:31:16]} {[%emt 00:00:10]} g6 {[%clk 01:30:29]}
{[%emt 00:00:07]} 3. g3 {[%clk 01:30:44]} {[%emt 00:01:03]} Bg7 {[%clk
01:30:54]} {[%emt 00:00:05]} 4. Bg2 {[%clk 01:31:10]} {[%emt 00:00:05]} O-O
{[%clk 01:31:15]} {[%emt 00:00:06]} 5. Nf3 {[%clk 01:31:31]} {[%emt 00:00:12]}
d6 {[%clk 01:31:40]} {[%emt 00:00:04]} 6. O-O {[%clk 01:31:50]} {[%emt
00:00:12]} Nc6 {[%clk 01:31:56]} {[%emt 00:00:13]} 7. d4 {[%clk 01:32:10]}
{[%emt 00:00:11]} a6 {[%clk 01:32:09]} {[%emt 00:00:16]} 8. b3 {[%clk
01:32:14]} {[%emt 00:00:26]} Rb8 {[%clk 01:32:26]} {[%emt 00:00:12]} 9. Nd5
{[%clk 01:32:23]} {[%emt 00:00:23]} Bg4 {[%clk 01:32:05]} {[%emt 00:00:49]} 10.
Bb2 {[%clk 01:31:24]} {[%emt 00:01:31]} Nxd5 {[%clk 01:31:00]} {[%emt
00:01:35]} 11. cxd5 {[%clk 01:31:25]} {[%emt 00:00:28]} Nb4 {[%clk 01:31:24]}
{[%emt 00:00:05]} 12. h3 {[%clk 01:31:11]} {[%emt 00:00:45]} Bd7 {[%clk
01:30:59]} {[%emt 00:00:55]} 13. e4 {[%clk 01:30:42]} {[%emt 00:00:59]} a5
{[%clk 01:31:14]} {[%emt 00:00:15]} 14. a3 {[%clk 01:29:52]} {[%emt 00:01:21]}
Na6 {[%clk 01:31:38]} {[%emt 00:00:06]} 15. Qd2 {[%clk 01:29:26]} {[%emt
00:00:56]} c6 {[%clk 01:30:06]} {[%emt 00:02:01]} 16. dxc6 {[%clk 01:26:52]}
{[%emt 00:03:05]} bxc6 {[%clk 01:30:30]} {[%emt 00:00:06]} 17. Bc3 {[%clk
01:26:45]} {[%emt 00:00:37]} Rxb3 {[%clk 01:30:10]} {[%emt 00:00:49]} 18. Bxa5
{[%clk 01:27:02]} {[%emt 00:00:15]} Qb8 {[%clk 01:28:25]} {[%emt 00:02:14]} 19.
Qc2 {[%clk 01:23:50]} {[%emt 00:03:42]} c5 {[%clk 01:26:58]} {[%emt 00:01:56]}
20. Rab1 {[%clk 01:22:11]} {[%emt 00:02:10]} Ba4 {[%clk 01:16:48]} {[%emt
00:10:39]} 21. Rxb3 {[%clk 01:22:07]} {[%emt 00:00:35]} Qxb3 {[%clk 01:12:03]}
22. Qxb3 {[%clk 01:22:13]} {[%emt 00:05:39]} Bxb3 {[%clk 01:12:30]} {[%emt
00:00:03]} 23. Rb1 {[%clk 01:14:51]} {[%emt 00:07:52]} Bc4 {[%clk 01:11:04]}
{[%emt 00:01:56]} 24. Nd2 {[%clk 01:03:01]} {[%emt 00:12:20]} Bd3 {[%clk
01:10:54]} {[%emt 00:00:38]} 25. Rb3 {[%clk 01:02:51]} {[%emt 00:00:41]} c4
{[%clk 01:06:44]} {[%emt 00:04:40]} 26. Rb6 {[%clk 01:02:27]} {[%emt 00:00:55]}
Rb8 {[%clk 00:58:57]} {[%emt 00:08:16]} 27. Bf1 {[%clk 00:54:25]} {[%emt
00:08:32]} Bxf1 {[%clk 00:46:04]} {[%emt 00:13:24]} 28. Kxf1 {[%clk 00:44:49]}
{[%emt 00:10:04]} Bxd4 {[%clk 00:45:22]} {[%emt 00:01:13]} 29. Rxb8+ {[%clk
00:32:43]} {[%emt 00:12:37]} Nxb8 {[%clk 00:45:43]} {[%emt 00:00:08]} 30. Nxc4
{[%clk 00:33:03]} {[%emt 00:00:10]} f5 {[%clk 00:46:05]} {[%emt 00:00:09]} 31.
exf5 {[%clk 00:30:04]} {[%emt 00:03:29]} gxf5 {[%clk 00:46:25]} {[%emt
00:00:08]} 32. g4 {[%clk 00:29:56]} {[%emt 00:00:40]} Kf7 {[%clk 00:43:30]}
{[%emt 00:03:24]} 33. Ke2 {[%clk 00:28:52]} {[%emt 00:01:34]} Nc6 {[%clk
00:41:38]} {[%emt 00:02:22]} 34. Bd2 {[%clk 00:28:52]} {[%emt 00:00:30]} fxg4
{[%clk 00:36:55]} {[%emt 00:05:14]} 35. hxg4 {[%clk 00:29:14]} {[%emt
00:00:07]} Ke6 {[%clk 00:36:48]} {[%emt 00:00:37]} 36. f4 {[%clk 00:28:47]}
{[%emt 00:00:57]} Bc5 {[%clk 00:35:12]} {[%emt 00:02:06]} 37. a4 {[%clk
00:26:55]} {[%emt 00:02:22]} Kd5 {[%clk 00:33:16]} {[%emt 00:02:26]} 38. Kd3
{[%clk 00:26:14]} {[%emt 00:01:11]} Nb4+ {[%clk 00:32:19]} {[%emt 00:01:26]} 39.
Bxb4 {[%clk 00:23:17]} {[%emt 00:03:28]} Bxb4 {[%clk 00:32:26]} {[%emt
00:00:22]} 40. Ne3+ {[%clk 00:23:31]} {[%emt 00:00:16]} Kc6 {[%clk 00:28:58]}
{[%emt 00:03:58]} 41. f5 {[%clk 00:21:18]} {[%emt 00:02:44]} d5 {[%clk
00:29:08]} {[%emt 00:00:19]} 42. g5 {[%clk 00:21:13]} {[%emt 00:00:37]} e5
{[%clk 00:28:15]} {[%emt 00:01:22]} 43. fxe6 {[%clk 00:20:59]} {[%emt
00:00:44]} Be7 {[%clk 00:27:45]} {[%emt 00:01:00]} 44. Nf5 {[%clk 00:20:31]}
{[%emt 00:00:59]} Bxg5 {[%clk 00:27:49]} {[%emt 00:00:26]} 45. e7 {[%clk
00:19:44]} {[%emt 00:01:16]} Bxe7 {[%clk 00:25:17]} {[%emt 00:03:01]} 46. Nxe7+
{[%clk 00:19:54]} {[%emt 00:00:21]} Kc5 {[%clk 00:25:41]} {[%emt 00:00:05]} 47.
a5 {[%clk 00:19:15]} {[%emt 00:01:10]} Kb5 {[%clk 00:25:32]} {[%emt 00:00:38]}
48. Nxd5 {[%clk 00:19:30]} {[%emt 00:00:15]} Kxa5 {[%clk 00:25:55]} {[%emt
00:00:07]} 49. Ke4 {[%emt 00:00:11]} 1/2-1/2